[Event "ESP-ch U18 Rapid"]
[Site "Salobrena"]
[Date "2022.08.06"]
[Round "1"]
[White "Clemente Chen, Alfredo"]
[Black "Gines Esteo, Pedro Antonio"]
[Result "0-1"]
[WhiteElo "1539"]
[BlackElo "2335"]
[PlyCount "66"]
[EventDate "2022.08.06"]
[EventType "swiss (rapid)"]
[EventRounds "9"]
[EventCountry "ESP"]
[SourceTitle "EXT 2023"]
[Source "ChessBase"]
[SourceDate "2022.10.05"]
[SourceVersion "1"]
[SourceVersionDate "2022.10.05"]
[SourceQuality "1"]

1. d4 Nf6 2. Nf3 b6 3. Bg5 Bb7 4. e3 g6 5. Bd3 Bg7 6. 0-0 0-0 7. c3 c5 8. Nbd2 d5 9. Qe2 Nbd7 10. Rfe1 Ne4 11. Bf4 Ndf6 12. Ne5 Nxd2 13. Qxd2 Nh5 14. Rad1 Nxf4 15. exf4 e6 16. Bc2 Qc7 17. h4 Rac8 18. Bb1 h5 19. Re3 Qd8 20. Rg3 Qxh4 21. Qd3 Rc7 22. Rxg6 fxg6 23. Qxg6 Rf6 24. Qh7+ Kf8 25. Ng6+ Rxg6 26. Qxg6 Qg4 27. Qd3 cxd4 28. cxd4 Qxf4 29. Qa3+ Kg8 30. Qd3 Rf7 31. Rd2 Qf5 32. Qf1 Qg5 33. Rd3 Ba6 0-1

[Event "ESP-ch U18"]
[Site "Salobrena"]
[Date "2022.08.01"]
[Round "2"]
[White "Clemente Chen, Alfredo"]
[Black "Tabuenca Mendataurigoitia, Daniel"]
[Result "0-1"]
[WhiteElo "1911"]
[BlackElo "2170"]
[PlyCount "98"]
[EventDate "2022.08.01"]
[EventType "swiss"]
[EventRounds "9"]
[EventCountry "ESP"]
[SourceTitle "EXT 2023"]
[Source "ChessBase"]
[SourceDate "2022.10.05"]
[SourceVersion "1"]
[SourceVersionDate "2022.10.05"]
[SourceQuality "1"]

1. d4 d6 2. Nf3 g6 3. Bg5 Bg7 4. Nbd2 h6 5. Bf4 Nf6 6. e4 0-0 7. c3 Nbd7 8. Bd3 e5 9. Bg3 Qe7 10. 0-0 Re8 11. h3 c6 12. Re1 Qd8 13. Qc2 Qc7 14. a4 b6 15. Rad1 a6 16. Bc4 Re7 17. Ba2 b5 18. Nf1 Bb7 19. dxe5 dxe5 20. Ne3 Nc5 21. Ng4 Nxg4 22. hxg4 Nxa4 23. c4 c5 24. cxb5 axb5 25. Bd5 Bxd5 26. Rxd5 Rc8 27. Rc1 Rd7 28. Rcd1 Rcd8 29. Rxd7 Rxd7 30. Rxd7 Qxd7 31. Nxe5 Qd4 32. b3 Nc3 33. Nc6 Qxe4 34. Qxe4 Nxe4 35. Bf4 Bd4 36. Nxd4 cxd4 37. Kf1 g5 38. Be5 d3 39. Ke1 d2+ 40. Ke2 Nxf2 41. Kxd2 Nxg4 42. Bd6 f5 43. Kd3 f4 44. Ke4 Kf7 45. g3 Ke6 46. Bb8 fxg3 47. Bxg3 h5 48. Bc7 h4 49. Kf3 Kf5 0-1

[Event "Andalucia-chA"]
[Site "Roquetas de Mar"]
[Date "2017.05.21"]
[Round "7"]
[White "Clemente Chen, Alfredo"]
[Black "Cabecerans Cabecerans, Enrique"]
[Result "1-0"]
[WhiteElo "1801"]
[BlackElo "1765"]
[PlyCount "83"]
[EventDate "2017.05.13"]
[EventType "swiss"]
[EventRounds "8"]
[EventCountry "ESP"]
[SourceTitle "EXT 2020"]
[Source "ChessBase"]
[SourceDate "2019.10.17"]
[SourceVersion "1"]
[SourceVersionDate "2019.10.17"]
[SourceQuality "1"]

1. e4 g6 2. d4 d6 3. Nc3 Bg7 4. Be3 a6 5. a4 Nd7 6. Bc4 e5 7. d5 Nb6 8. Bb3 Ne7 9. Qd2 h6 10. 0-0-0 f5 11. f4 exf4 12. Bxf4 g5 13. Be3 Nd7 14. Bd4 Ne5 15. Nf3 N7g6 16. exf5 Bxf5 17. Rhf1 Qd7 18. h3 Nxf3 19. Rxf3 Ne5 20. Rf2 0-0-0 21. Rdf1 Bg6 22. Qe3 Rde8 23. Bxe5 Bxe5 24. Qa7 c5 25. dxc6 bxc6 26. Qxa6+ Qb7 27. Qxb7+ Kxb7 28. Bf7 Bxf7 29. Rxf7+ Kb6 30. R1f3 Ra8 31. Ne4 c5 32. Ra3 Ra5 33. Nd2 Kc6 34. Nc4 Raa8 35. Nxe5+ dxe5 36. a5 Kb5 37. Re7 Rhe8 38. Rxe8 Rxe8 39. a6 Kc6 40. Kd2 Ra8 41. a7 Kd5 42. Kd3 1-0

[Event "ESP-ch U12"]
[Site "Granada"]
[Date "2016.07.09"]
[Round "9"]
[White "Gonzalez Guedes, Iyan"]
[Black "Clemente Chen, Alfredo"]
[Result "1-0"]
[WhiteElo "1485"]
[BlackElo "1738"]
[PlyCount "85"]
[EventDate "2016.07.04"]
[EventType "swiss"]
[EventRounds "9"]
[EventCountry "ESP"]
[SourceTitle "EXT 2024"]
[Source "ChessBase"]
[SourceDate "2023.10.10"]
[SourceVersion "1"]
[SourceVersionDate "2023.10.10"]
[SourceQuality "1"]

1. e4 c5 2. Nf3 e6 3. c3 Nf6 4. e5 Nd5 5. d4 cxd4 6. cxd4 d6 7. Be2 Nc6 8. 0-0 dxe5 9. dxe5 Be7 10. Re1 0-0 11. a3 Qc7 12. Bd3 Rd8 13. Qe2 a6 14. Qe4 f5 15. exf6 Nxf6 16. Qe2 e5 17. Nc3 Bd6 18. h3 Re8 19. Bg5 Nd4 20. Qd1 Nxf3+ 21. Qxf3 Rf8 22. Rac1 Qb6 23. Bxf6 Rxf6 24. Nd5 Rxf3 25. Nxb6 Rxd3 26. Nxa8 Be6 27. Red1 e4 28. Rxd3 exd3 29. Rd1 Bf5 30. Nb6 Bf4 31. g3 Bg5 32. f4 Bf6 33. g4 Be4 34. Nc4 Bd5 35. Ne5 Bxe5 36. fxe5 Bc4 37. Kf2 Kf7 38. Ke3 Ke6 39. Kd4 b5 40. b4 h6 41. h4 Kd7 42. Rxd3 Bxd3 43. Kxd3 1-0

[Event "ESP-ch U12"]
[Site "Granada"]
[Date "2016.07.06"]
[Round "4"]
[White "Clemente Chen, Alfredo"]
[Black "Lin, Ying Rui"]
[Result "0-1"]
[WhiteElo "1738"]
[BlackElo "1901"]
[PlyCount "102"]
[EventDate "2016.07.04"]
[EventType "swiss"]
[EventRounds "9"]
[EventCountry "ESP"]
[SourceTitle "EXT 2024"]
[Source "ChessBase"]
[SourceDate "2023.10.10"]
[SourceVersion "1"]
[SourceVersionDate "2023.10.10"]
[SourceQuality "1"]

1. e4 c5 2. Nf3 Nc6 3. d3 g6 4. g3 Bg7 5. Bg2 d6 6. 0-0 Nf6 7. Re1 e5 8. c3 0-0 9. a3 a5 10. a4 h6 11. Nbd2 Be6 12. Nf1 Qb6 13. N3d2 Rad8 14. Ne3 d5 15. exd5 Nxd5 16. Nec4 Qc7 17. Qe2 Rfe8 18. Ne4 b6 19. f3 f5 20. Nf2 Bf7 21. Qc2 Nf6 22. Ne3 h5 23. Nf1 Nd5 24. Bg5 Rd6 25. Re2 Rde6 26. Rae1 Qd7 27. Nd2 Bf6 28. Bxf6 Nxf6 29. Nc4 Qc7 30. Nh3 R6e7 31. Nd2 Kg7 32. f4 Bd5 33. Bxd5 Nxd5 34. Nc4 exf4 35. Rxe7+ Rxe7 36. Rxe7+ Ncxe7 37. Qf2 fxg3 38. hxg3 Qc6 39. Qc2 Qc7 40. Qf2 Kf6 41. d4 g5 42. Nd2 g4 43. Nf4 Nxf4 44. gxf4 Ng6 45. dxc5 Qxc5 46. Qxc5 bxc5 47. b4 cxb4 48. cxb4 axb4 49. a5 Nxf4 50. a6 Nd5 51. Nb1 Ke5 0-1

[Event "Andalucia-ch U10"]
[Site "Huelva"]
[Date "2014.04.27"]
[Round "8.2"]
[White "Clemente Chen, Alfredo"]
[Black "Cuellar Montes, Alejandro"]
[Result "1/2-1/2"]
[WhiteElo "1345"]
[BlackElo "1438"]
[PlyCount "50"]
[EventDate "2014.04.25"]
[EventType "swiss"]
[EventRounds "9"]
[EventCountry "ESP"]
[SourceTitle "EXT 2024"]
[Source "ChessBase"]
[SourceDate "2023.10.10"]
[SourceVersion "1"]
[SourceVersionDate "2023.10.10"]
[SourceQuality "1"]

1. e4 e6 2. d4 d5 3. e5 c5 4. c3 Nc6 5. Nf3 Qb6 6. a3 c4 7. Nbd2 Na5 8. Be2 Bd7 9. 0-0 Ne7 10. Re1 Ng6 11. Nf1 Be7 12. Qc2 0-0 13. Rb1 f6 14. exf6 Bxf6 15. Ne3 Nf4 16. Ng4 Nxe2+ 17. Qxe2 Rae8 18. Nxf6+ Rxf6 19. Ne5 Qd6 20. Qe3 Ref8 21. Rf1 Be8 22. Qg3 Bg6 23. Nxg6 Qxg3 24. Ne7+ Kf7 25. hxg3 Kxe7 1/2-1/2

[Event "Andalucia-ch U10"]
[Site "Huelva"]
[Date "2014.04.26"]
[Round "7.2"]
[White "Garrido Outon, Alex"]
[Black "Clemente Chen, Alfredo"]
[Result "0-1"]
[WhiteElo "1454"]
[BlackElo "1345"]
[PlyCount "50"]
[EventDate "2014.04.25"]
[EventType "swiss"]
[EventRounds "9"]
[EventCountry "ESP"]
[SourceTitle "EXT 2024"]
[Source "ChessBase"]
[SourceDate "2023.10.10"]
[SourceVersion "1"]
[SourceVersionDate "2023.10.10"]
[SourceQuality "1"]

1. e4 e5 2. Nf3 Nc6 3. d4 exd4 4. Bc4 Nf6 5. e5 d5 6. Bb5 Ne4 7. Bxc6+ bxc6 8. Nxd4 Bd7 9. 0-0 Bc5 10. f3 Ng5 11. Kh1 0-0 12. Nc3 f6 13. Nb3 Bb6 14. f4 Nf7 15. exf6 Qxf6 16. Bd2 Nd6 17. Qf3 Bf5 18. Rac1 Qg6 19. Na1 Bg4 20. Qd3 Qxd3 21. cxd3 Rfe8 22. Rfe1 Bf5 23. d4 Bxd4 24. Nb3 Bb6 25. Na4 Bd7 0-1